ETUDES. N. VI. (CCCV). ANNO 1960. (Record n. 319552)

Dettagli MARC
000 -LEADER
fixed length control field 01930nas a2200277Ia 4500
001 - CONTROL NUMBER
control field R050-R1096
003 - CONTROL NUMBER IDENTIFIER
control field IT-CnALBA
008 - FIXED-LENGTH DATA ELEMENTS--GENERAL INFORMATION
fixed length control field 170116c99999999xx |||||||||||| ||und||
040 ## - CATALOGING SOURCE
Original cataloging agency IT-CnALBA
Transcribing agency IT-CnALBA
041 ## - LANGUAGE CODE
Language code of text/sound track or separate title FRANCESE
999 ## - SYSTEM CONTROL NUMBERS (KOHA)
Koha Dewey Subclass [OBSOLETE] NO
100 ## - MAIN ENTRY--PERSONAL NAME
Personal name BONNICHON ANDRÈ
210 ## - ABBREVIATED TITLE
Abbreviated title ETUDES
222 ## - KEY TITLE
Key title ETUDES
245 #0 - TITLE STATEMENT
Title ETUDES. N. VI. (CCCV). ANNO 1960.
250 ## - EDITION STATEMENT
Edition statement 1a ed.
260 ## - PUBLICATION, DISTRIBUTION, ETC. (IMPRINT)
Place of publication, distribution, etc. PARIS
Name of publisher, distributor, etc. FIRMIN DIDOT & C. TIPOGR. EURE
Date of publication, distribution, etc. 1960
300 ## - PHYSICAL DESCRIPTION
Extent 144 p.
310 ## - CURRENT PUBLICATION FREQUENCY
Current publication frequency MENSILE
362 ## - DATES OF PUBLICATION AND/OR SEQUENTIAL DESIGNATION
Dates of publication and/or sequential designation Fascicolo: 6/305 / (1960)
500 ## - GENERAL NOTE
General note CHIESA E ANNESSIONE DELLA SAVOIA ALLA FRANCIA. SOCIALISMO. ENERGIA. ALBERTO CAMUS. TRAGEDIA NEL SUDAFRICA. RAPPORTI TURCO RUSSI. MEMORIA ED ETERNITÀ. MESSAGGI E DISCORSI DI PAPA GIOVANNI XXIII. LETTERA DELL'EPISCOPATO ITALIANO. INSEGNAMENTO RELIGIOSO. ASSEMBLEA PLENARIA DEI VESCOVI FRANCESI. SACERDOZIO ALLE DONNE. ARTE E TECNICA AL MUSEO DELL'UOMO. COMUNISMO NEL MADAGASCAR. RECENSIONI LIBRARIE, RELIGIONE STORIA BIOGRAFIE GEOGRAFIA E VIAGGI LETTERATURA ECONOMIA SOCIOLOGIA ROMANZI. RASSEGNA BIBLIOGRAFICA. LIBRI IN VISIONE. DANIEL ROPS. RUSSO F. GHALEUR P. RONDOT P. LARUE L. G. A.
501 ## - WITH NOTE
With note Società San Paolo EM - Piazza San Paolo, 14 - 12051 ALBA (CN) (non commercial uses only) ® Copyright 2017
520 ## - SUMMARY, ETC.
Summary, etc. CHIESA E ANNESSIONE DELLA SAVOIA ALLA FRANCIA. SOCIALISMO. ENERGIA. ALBERTO CAMUS. TRAGEDIA NEL SUDAFRICA. RAPPORTI TURCO RUSSI. MEMORIA ED ETERNITÀ. MESSAGGI E DISCORSI DI PAPA GIOVANNI XXIII. LETTERA DELL'EPISCOPATO ITALIANO. INSEGNAMENTO RELIGIOSO. ASSEMBLEA PLENARIA DEI VESCOVI FRANCESI. SACERDOZIO ALLE DONNE. ARTE E TECNICA AL MUSEO DELL'UOMO. COMUNISMO NEL MADAGASCAR. RECENSIONI LIBRARIE, RELIGIONE STORIA BIOGRAFIE GEOGRAFIA E VIAGGI LETTERATURA ECONOMIA SOCIOLOGIA ROMANZI. RASSEGNA BIBLIOGRAFICA. LIBRI IN VISIONE. DANIEL ROPS. RUSSO F. GHALEUR P. RONDOT P. LARUE L. G. A.
650 ## - SUBJECT ADDED ENTRY--TOPICAL TERM
Topical term or geographic name as entry element MISCELLANEA DI RELIGIONE
942 ## - ADDED ENTRY ELEMENTS (KOHA)
Koha item type RIVISTA
957 ## -
-- 1
999 ## - SYSTEM CONTROL NUMBERS (KOHA)
-- 1
Dati di copia
Withdrawn status Lost status Damaged status Not for loan Home library Current library Date acquired Total Checkouts Full call number Date last seen Price effective from Koha item type Public note
    Buone Condizioni Not For Loan ALBA - Biblioteca ALBA - Biblioteca 16/01/2017   R050-R1096 16/01/2017 16/01/2017 RIVISTA (data import: 16 gennaio 2017) - By Epidotti, Vaglietti.
CREDITS: SOCIETA' SAN PAOLO Via A.Severo, 58 - ROMA (RM) & PERIODICI SAN PAOLO SRL Via Giotto, 36 MILANO & CISF Via Giotto, 36 MILANO & EDIZIONI SAN PAOLO SRL,  Piazza Soncino, 5 CINISELLO BALSAMO (MI) -- ITALY